000 00207 a2200097 4500
001 58489
100 _a
245 _aWar and anit-war
260 _aBoston
_bLittle brown ad company
_c
090 _c35868
_d35868
942 _aNUST-CAE
_c
_c28744
999 _c293562
_d293562